| 000 | 00641nam a22002297a 4500 | ||
|---|---|---|---|
| 005 | 20220725153303.0 | ||
| 008 | 220725b ||||| |||| 00| 0 eng d | ||
| 040 | _cAL | ||
| 041 | _aEnglish | ||
| 082 |
_223 _a294.43 _bZAVP |
||
| 100 |
_aJ S Zaveri _953163 |
||
| 245 | _aPreksha Dhyana:Human Body | ||
| 250 | _a3 | ||
| 260 |
_aRajasthan _bJain Vishva Bharati _c1993 |
||
| 300 |
_a105 p. _bPB _c21x13 cm. |
||
| 440 |
_aScience of living Series-III _nPart II-Health Care _953164 |
||
| 650 |
_aHuman Body _953165 |
||
| 650 |
_aNutrition _953166 |
||
| 650 |
_aChemistry of life _953167 |
||
| 700 |
_aZAVERI (J S) _953168 |
||
| 942 |
_2ddc _cGF |
||
| 999 |
_c224165 _d224165 |
||